000 00300nam a22001337a 4500
008 170616b xxu||||| |||| 00| 0 eng d
020 _a060413077
041 _aeng
080 _a32
100 _a20
101 _aSHP
245 _aTHE MILITARY AMERICA POLITICS
_cCLOTFETTER.J
942 _2udc
_cBK
999 _c17782
_d17782